000 00484nam a2200193Ia 4500
005 20230912092230.0
008 131103s9999 xx 000 0 und d
040 _aLoreto College
041 _aEnglish
082 _a220
_bNEI
100 _aNeil, William
245 4 _aThe Plain Man Looks At The Bible
_cWilliam Neil
260 _aLondon
_bCollins
_c1965
300 _a157p.
440 _aThe Fontana Religious Series
650 _aReligion
850 _aLCLIB
942 _cBK
999 _c23298
_d73777